Design of equilibrium stage processes (Record no. 13251)

000 -LEADER
fixed length control field 00589nam a22002171 4500
001 - CONTROL NUMBER
control field 13251
003 - CONTROL NUMBER IDENTIFIER
control field BD-DhUET
008 - FIXED-LENGTH DATA ELEMENTS--GENERAL INFORMATION
fixed length control field 740517s1963 nyua b 000 0 eng
020 ## - INTERNATIONAL STANDARD BOOK NUMBER
International Standard Book Number 070586373
040 ## - CATALOGING SOURCE
Original cataloging agency DLC
Transcribing agency OAkU
Modifying agency BD-DhUET
082 ## - DEWEY DECIMAL CLASSIFICATION NUMBER
Classification number 660.28422
Item number SMI/1963
100 1# - MAIN ENTRY--PERSONAL NAME
Personal name Smith, Buford D.
245 10 - TITLE STATEMENT
Title Design of equilibrium stage processes
250 ## - EDITION STATEMENT
Edition statement 1st ed.
260 ## - PUBLICATION, DISTRIBUTION, ETC. (IMPRINT)
Place of publication, distribution, etc. New York
Name of publisher, distributor, etc. McGraw-Hill
Date of publication, distribution, etc. 1963
300 ## - PHYSICAL DESCRIPTION
Extent 647 p.
Other physical details ill.
Dimensions 24 cm.
490 ## - SERIES STATEMENT
Series statement McGraw-Hill chemical engineering series
504 ## - BIBLIOGRAPHY, ETC. NOTE
Bibliography, etc Includes bibliographies
650 #0 - SUBJECT ADDED ENTRY--TOPICAL TERM
Topical term or geographic name as entry element Chemical equilibrium
942 ## - ADDED ENTRY ELEMENTS (KOHA)
Koha item type General Book
Holdings
Date acquired Withdrawn status Source of classification or shelving scheme Not for loan Location (home branch) Copy number Shelving location Price effective from Koha item type Lost status Damaged status Koha date last seen Piece designation (barcode) Koha normalized classification for sorting Sublocation or collection (holding branch) Koha full call number
2015-03-02   Central Library, BUET1Circulation section2015-03-02General Book  2015-03-0234954660_284220000000000_SMI_1963Central Library, BUET660.28422/SMI/1963
2015-03-03   Central Library, BUET2Circulation section2015-03-03General Book  2015-03-0329845660_284220000000000_SMI_1963Central Library, BUET660.28422/SMI/1963
2015-03-03   Central Library, BUET3Circulation section2015-03-03General Book  2015-03-0329841660_284220000000000_SMI_1963Central Library, BUET660.28422/SMI/1963
2015-03-03   Central Library, BUET4Circulation section2015-03-03General Book  2015-03-0329847660_284220000000000_SMI_1963Central Library, BUET660.28422/SMI/1963
2015-03-03   Central Library, BUET5Circulation section2015-03-03General Book  2015-03-0329853660_284220000000000_SMI_1963Central Library, BUET660.28422/SMI/1963
2015-03-03   Central Library, BUET6Circulation section2015-03-03General Book  2015-03-0329843660_284220000000000_SMI_1963Central Library, BUET660.28422/SMI/1963
2015-03-03   Central Library, BUET7Circulation section2015-03-03General Book  2015-03-0329844660_284220000000000_SMI_1963Central Library, BUET660.28422/SMI/1963
2015-03-03   Central Library, BUET8Circulation section2015-03-03General Book  2015-03-0329840660_284220000000000_SMI_1963Central Library, BUET660.28422/SMI/1963
2015-03-03   Central Library, BUET9Circulation section2015-03-03General Book  2015-03-0334955660_284220000000000_SMI_1963Central Library, BUET660.28422/SMI/1963
2015-05-11   Central Library, BUET10Circulation section2015-05-11General Book  2015-05-1111477660_284220000000000_SMI_1963Central Library, BUET660.28422/SMI/1963
2015-05-11   Central Library, BUET11Circulation section2015-05-11General Book  2015-05-1129846660_284220000000000_SMI_1963Central Library, BUET660.28422/SMI/1963
2015-05-11   Central Library, BUET12Circulation section2015-05-11General Book  2015-05-1134953660_284220000000000_SMI_1963Central Library, BUET660.28422/SMI/1963
2015-05-11   Central Library, BUET13Circulation section2015-05-11General Book  2015-05-1118836660_284220000000000_SMI_1963Central Library, BUET660.28422/SMI/1963
2015-05-11   Central Library, BUET14Circulation section2015-05-11General Book  2015-05-1129854660_284220000000000_SMI_1963Central Library, BUET660.28422/SMI/1963
2015-05-11   Central Library, BUET15Circulation section2015-05-11General Book  2015-05-1129856660_284220000000000_SMI_1963Central Library, BUET660.28422/SMI/1963
2015-05-19   Central Library, BUET16Circulation section2015-05-19General Book  2015-05-1929848660_284220000000000_SMI_1963Central Library, BUET660.28422/SMI/1963
2015-06-18   Central Library, BUET17Reading section2015-06-18Reading Item  2015-06-186449660_284220000000000_SMI_1963Central Library, BUET660.28422/SMI/1963